|
|
|
|
| LEADER |
00000cam a2200000 a 4500 |
| 001 |
vtls008381582 |
| 003 |
SK-MaSNL |
| 005 |
20260302004042.0 |
| 008 |
250313s1937 xo 000 p slo |
| 015 |
|
|
|a SNBA19191938-006010
|
| 035 |
|
|
|a SK01SNKBSKHR20010073799
|
| 035 |
|
|
|a urn:nbn:sk:snk-am3hjze
|
| 035 |
|
|
|a 729AB01D-459C-44FD-9E8D-9A747D794DED
|
| 035 |
|
|
|a urn:nbn:sk:snk-am00d327
|
| 035 |
|
|
|a SKM000076262
|
| 040 |
|
|
|a SNK
|b slo
|c SNK
|e AACR2
|
| 041 |
0 |
|
|a slo
|
| 044 |
|
|
|a xo
|c SK
|
| 080 |
|
|
|a 885.4-1
|2 1981
|
| 100 |
1 |
|
|a Kupčok, Ľubomír,
|d 1906-1964
|4 aut
|9 109609
|
| 245 |
1 |
0 |
|a Knock out a lýra
|b verše
|c Ľubomír Kupčok
|
| 260 |
|
|
|a Bratislava
|b Spolok mladých slovenských spisovateľov
|c 1937
|e Bratislava
|f Unia
|
| 300 |
|
|
|a 17, [1] s.
|c 8°
|
| 563 |
|
|
|a Neviazané. Číslovaná každá druhá strana
|
| 655 |
|
7 |
|a slovenská poézia
|2 SNKPH
|9 70444
|
| 852 |
|
|
|a Slovenská národná knižnica
|
| 954 |
|
|
|a beletria pôvodná (slovenská)
|2 lita
|
| 958 |
|
|
|a OND
|
| 958 |
|
|
|a RK
|
| 958 |
|
|
|a LX
|
| 999 |
|
|
|c 994413
|d 996343
|
| 952 |
|
|
|a SNK
|b SNK
|y VYP
|7 0
|p 17A1542705
|o snkSC 2404 D2
|i snkK 2675/65
|8 3
|z vlastnoručný podpis autora na titulnom liste
|0 0
|1 0
|4 0
|d 2024-03-12
|l 0
|r 2026-02-24 11:59:46
|w 2026-02-24
|
| 952 |
|
|
|a SNK
|b SNK
|y PREZ
|7 0
|p 17A0743686
|o snkSC 2404
|i snk587/38
|0 0
|1 0
|4 0
|d 2011-11-22
|f 1
|l 0
|r 2025-06-17 00:00:00
|w 2026-02-24
|
| 952 |
|
|
|a SNK
|b SNK
|y VYP
|7 0
|p 17A0350843
|o snkSC 2404 D1
|i snkK 1031/62
|8 3
|z vlastnoručný podpis autora na titulnom liste
|0 0
|1 0
|4 0
|d 2002-08-27
|l 0
|r 2005-01-02 00:00:00
|w 2026-02-24
|